Normal view
MARC view
Entry Topical Term
001 - CONTROL NUMBER
- control field: 249321
003 - CONTROL NUMBER IDENTIFIER
- control field: OSt
005 - DATE AND TIME OF LATEST TRANSACTION
- control field: 20251216154018.0
008 - FIXED-LENGTH DATA ELEMENTS
- fixed length control field: 251216|| aca||aabn | a|a d
040 ## - CATALOGING SOURCE
- Original cataloging agency: OSt
- Transcribing agency: OSt
150 ## - HEADING--TOPICAL TERM
- Topical term or geographic name entry element: Karnataka History
670 ## - SOURCE DATA FOUND
- Source citation: Work cat.: (OSt)152636: HAMPA NAGARAJAYYA ಹಂಪ ನಾಗರಾಜಯ್ಯ 249318, Hombujada vaibhava, 2013